000
00190nam a2200073Ia 4500
008
170524s9999 xx 000 0 und d
100
_a
KUMAR-V
245
0
_a
ESSENTIALS OF MARKETING RESEARCH
260
_b
SINGAPORE: JOHN WILEY
999
_c
8546
_d
8546